000 00628nam a2200229 a 4500
999 _c2304
_d2304
001 2304
003 BD-JhCC
005 20171101080010.0
008 171101s2006 bg ||||| ||a| 00| 0 b d
020 _a9844125922
035 _a(BD-JhCC)2304
040 _aBD-JhCC
_dBD-JhCC
041 _aben
082 _a891.443
_bALA 2006
100 _aআলম, ফজলুল
245 _aঅসমর্থিত খবরে প্রকাশ /
_cফজলুল আলম
260 _aঢাকা :
_bঅনন্য,
_c2006.
300 _a122 p. :
_c22 cm.
650 _aPolitical Novel
942 _2ddc
_cBK